El mercado de trabajo: una institución social; un diálogo de sordos por medio siglo
Guardado en:
| Institution som forfatter: | |
|---|---|
| Format: | Ukendt |
| Udgivet: |
Panamá:
PREALC. Panamá
|
| Fag: | |
| Tags: |
Tilføj Tag
Ingen Tags, Vær først til at tagge denne postø!
|
MARC
| LEADER | 00000 a2200000 04500 | ||
|---|---|---|---|
| 001 | 10820 | ||
| 003 | |||
| 008 | 991231s d | ||
| 040 | |||
| 090 | |a 137302 | ||
| 110 | |a OIT. PREALC | ||
| 245 | |a El mercado de trabajo: una institución social; un diálogo de sordos por medio siglo | ||
| 260 | |a Panamá: |b PREALC. Panamá | ||
| 300 | |a 14 p. | ||
| 650 | |a TEORIA | ||
| 650 | |a FILOSOFIA | ||
| 650 | |a SOCIEDAD | ||
| 650 | |a ECONOMIA | ||
| 650 | |a DESIGUALDAD ECONOMICA | ||
| 650 | |a RIQUEZA | ||
| 650 | |a CONSUMO | ||
| 650 | |a INGRESO | ||
| 650 | |a CRECIMIENTO ECONOMICO | ||
| 650 | |a CAPITALISMO | ||
| 650 | |a POLITICA | ||
| 999 | |c 17159 |d 17159 | ||
